000 00606nam a2200217Ia 4500
003 OSt
005 20221002054712.0
006 a|||||r|||| 00| 0
007 ta
008 220930b |||||||| |||| 00| 0 eng d
024 _a70060
037 _cReference Collections
040 _aCRL
_cCRL
_beng
041 _2eng
_aeng
082 _aa14,3157,N3, F3(RR)
100 _aBlumhardt J.F. Au.
_9576125
245 0 _aCatalogue of the library of the india office
260 _c1923
942 _ha14,3157,N3, F3(RR)
_cref
_2CC
999 _c925590
_d925590